Helicopter Performance, Stability, and Control

Saved in:
Bibliographic Details
Main Author: Prouty, Raymond W. (Author)
Format: Book
Language:English
Published: Malabar : Krieger Publishing Company, 1990
Subjects:
Tags: Add Tag
No Tags, Be the first to tag this record!

MARC

LEADER 00000nam a22000003a 4500
001 stu210027
005 20150617230059.4
008 100825s1990----xxu-----------------eng-d
020 |a 978-1-57524-209-5 
040 |a STU  |b slo 
041 0 |a eng 
044 |a xxu 
080 |a 623.746.17 
100 1 |a Prouty, Raymond W.  |4 aut 
245 1 |a Helicopter Performance, Stability, and Control 
260 |a Malabar :  |b Krieger Publishing Company,  |c 1990 
300 |a 731 s 
650 7 |a helikoptéra  |2 stusub 
650 7 |a helicopter control  |2 estusub 
650 7 |a aerodynamika  |2 stusub 
650 7 |a aerodynamics  |2 estusub 
650 7 |a stabilita pohybu  |2 stusub 
650 7 |a stabilita  |2 stusub 
650 7 |a vrtulníky  |2 stusub 
996 |b 284EK88416  |c E*88416  |l EE30  |s P  |a 0  |w stu210027_0001